000
00323nam a2200133Ia 4500
008
191201s2016 xx 000 0 und d
082
_a
510
_b
ROD
100
_a
ROSEN, Kenneth H
245
0
_a
Discrete Mathematics and Its Applications
250
_a
Rep
260
_c
2016
_b
TMH
_a
NEW DELHI
300
_a
843
942
_2
ddc
_c
BK
999
_c
7965
_d
7965